El arcángel del perdón /
Guardado en:
| Hovedforfatter: | |
|---|---|
| Format: | Ukendt |
| Sprog: | Spanish |
| Udgivet: |
Argentina :
[editor no identificado],
1989.
|
| Fag: | |
| Tags: |
Tilføj Tag
Ingen Tags, Vær først til at tagge denne postø!
|
MARC
| LEADER | 000000000a22000000004500 | ||
|---|---|---|---|
| 001 | 003466 | ||
| 020 | |a 950994355X | ||
| 041 | 0 | |a spa | |
| 082 | 0 | 4 | |a CR863.4 |b R845a |
| 100 | 1 | |a Rothe de Vallbona, Rima Gretel, |d 1931- | |
| 245 | 1 | 3 | |a El arcángel del perdón / |c Rima Gretel Rothe de Vallbona. |
| 260 | 1 | |a Argentina : |b [editor no identificado], |c 1989. | |
| 300 | |a 108 páginas ; |c 20 x 14 cm. | ||
| 650 | 4 | |a LITERATURA COSTARRICENSE | |
| 650 | 4 | |a CUENTO INFANTIL | |
| 999 | |c 9687 |d 9687 | ||
| 942 | |c BK |h CR863.4 R845a |2 z | ||



